000 00811cab a22002415a 4500
001 L159235
008 150113e2014 xxk 000 0 eng d
035 _a(Sirsi) u159235
041 0 _aeng
050 _a333.3307 $2 18
100 1 _aCraig, Ewan
245 0 0 _aWords of advice
_h[electronic resource]
260 _c2014
490 _aRICS Building Surveying Journal
_vOctober - November 2014, 26(1)
520 _aTalks about one of the optional competencies of contract practice.
650 2 4 _aAPC
_96216
650 2 4 _aCONTRACT ADMINISTRATION
651 4 _aUnited Kingdom
_y
690 _aAPC
_96216
690 _aBuilding surveying
_96225
856 4 0 _uhttps://www.rics.org/Global/Building_Surveying_Journal_October_November_2014.pdf
_zView the article free of charge at www.rics.org...
942 _n0
999 _c84841
_d84841